Religion in the Old Testament (Record no. 152)
[ view plain ]
| 000 -LEADER | |
|---|---|
| fixed length control field | 00600nam a2200229 a 4500 |
| 020 ## - INTERNATIONAL STANDARD BOOK NUMBER | |
| ISBN | |
| 082 00 - DEWEY DECIMAL CLASSIFICATION NUMBER | |
| Classification number | 221.1 |
| Author Cutter | PFE1 |
| 100 ## - MAIN ENTRY--AUTHOR NAME | |
| Author name | Pfeiffer, H Robert |
| 245 ## - TITLE STATEMENT | |
| Title | Religion in the Old Testament |
| Sub title | History of a Spiritual Triumph. |
| 260 ## - PUBLICATION, DISTRIBUTION, ETC. (IMPRINT) | |
| Place of publication | London |
| Name of publisher | Adam and Charles Black |
| Year of publication | 1960 |
| 300 ## - PHYSICAL DESCRIPTION | |
| Number of Pages | 276p |
| 500 ## - GENERAL NOTE | |
| General note | includes index and biblioraphy |
| 505 2# - FORMATTED CONTENTS NOTE | |
| Formatted contents note | Index, Bibliography |
| 650 ## - SUBJECT ADDED ENTRY--TOPICAL TERM | |
| Topical Term | Bible O.T. History |
| 942 ## - ADDED ENTRY ELEMENTS (KOHA) | |
| Koha item type | Books |
| Home library | Current library | Date acquired | Cost, normal purchase price | Full call number | Accession Number | Koha item type |
|---|---|---|---|---|---|---|
| Henry Martyn Institute Library | Henry Martyn Institute Library | 06/18/2007 | 100.00 | 221.1 PFE1 | 02846 | E-Books |
